| 000 | 00771nam a2200241 i 4500 | ||
|---|---|---|---|
| 001 | 5738 | ||
| 003 | ES-MaACL | ||
| 005 | 20230906144658.0 | ||
| 007 | t| | ||
| 008 | 890517s1987 sp ||||1| spa d | ||
| 020 | _a84-398-9509-7 | ||
| 080 | _a86-821"18/19" | ||
| 080 | _a86(Valle Inclan,R.3.01) | ||
| 100 | 1 |
_aHormigón, Juan Antonio. _964204 |
|
| 245 | 1 | 0 |
_aValle-Inclán / _cJuan Antonio Hormigón. |
| 250 | _a[2a ed.]. | ||
| 260 |
_aMadrid : _bFundación Banco Exterior, _cD.L. 1989. |
||
| 300 |
_a644 p., [32] p. de fot. ; _c24 cm. |
||
| 600 | 1 | 4 |
_aValle-Inclán, Ramón del, _d1866-1936- _xCrítica e interpretación _9112800 |
| 710 | 1 |
_aFundación Banco Exterior. _94226 |
|
| 852 |
_aES-MaACL _jL-12710 _bR.116439 _z. - rust. |
||
| 999 |
_c5738 _d5738 |
||